Statistics for Half Life 1 G-Man ending speech

Click here to take the quiz!

General Stats

  • This quiz has been taken 14 times
  • The average score is 78 of 152

Answer Stats

Answer% Correct
Freeman
100%
I
100%
flesh
89%
Gordon
89%
in
89%
or
89%
The
89%
the
89%
employers
78%
hazard
78%
of
78%
suit
78%
you
78%
your
78%
a
67%
do
67%
have
67%
it
67%
rather
67%
Rather
67%
time
67%
to
67%
As
56%
as
56%
chance
56%
earned
56%
for
56%
here
56%
I'm
56%
liberty
56%
Mr
56%
no
56%
offer
56%
They
56%
they
56%
think
56%
took
56%
weapons
56%
you've
56%
You've
56%
battle
44%
can
44%
government
44%
is
44%
job
44%
my
44%
property
44%
relieving
44%
that
44%
were
44%
what
44%
why
44%
winning
44%
am
33%
an
33%
being
33%
borderworld
33%
impressed
33%
most
33%
nasty
33%
piece
33%
recommended
33%
services
33%
That's
33%
them
33%
well
33%
will
33%
work
33%
Xen
33%
after
22%
and
22%
anticlimax
22%
any
22%
control
22%
decisive
22%
interested
22%
limitless
22%
man
22%
managed
22%
me
22%
Otherwise
22%
our
22%
over
22%
potential
22%
Quite
22%
survived
22%
thanks
22%
there
22%
with
22%
you're
22%
yourself
22%
agree
11%
authorized
11%
deciding
11%
don't
11%
expect
11%
If
11%
into
11%
just
11%
portal
11%
proved
11%
so
11%
step
11%
take
11%
trouble
11%
yes
11%
you'll
11%

Score Distribution

Percentile by Number Answered

Percent of People with Each Score

Your Score History

You have not taken this quiz